000 00688nam a2200217Ia 4500
001 17094
003 GE_BSU
008 181216s||||||||xx |||||||||||||| ||und||
040 _cGE_BSU
080 _a821.353.1-2
100 _aადამია, ალიო
245 _aმსახიობის სიკვდილი. დრამა 4 მოქმ. 5 სურ
245 _cრედ.ა.ბურთიკაშვილი
260 _aთბილისი
260 _bხელოვნება
260 _c1958
300 _a48გვ. ; 20სმ..
653 _aდრამა
653 _aმსახიობის სიკვდილი
942 _cBK
999 _c50156
_d50156